Logo BPK

Biblioteka

Politechniki Koszalińskiej

Geografia życia literackiego na Pomorzu Nadwiślańskim 1772-1920 : (Rekord nr 44382)

Szczegóły MARC
000 -ETYKIETA REKORDU
podpole kontrolne o stałej długości 00928nam a2200253 i 4500
001 - NUMER KONTROLNY REKORDU
pole kontrolne bg
020 ## - MIĘDZYNARODOWY ZNORMALIZOWANY NUMER KSIĄŻKI - ISBN
ISBN 8388731432
020 ## - MIĘDZYNARODOWY ZNORMALIZOWANY NUMER KSIĄŻKI - ISBN
ISBN 8389079194 (IK)
040 ## - ŹRÓDŁO KATALOGOWANIA
Instytucja, która utworzyła rekord BPK
041 0# - KOD JĘZYKA
Kod języka tekstu pol
080 ## - UNIWERSALNA KLASYFIKACJA DZIESIĘTNA - UKD
UKD 821.162.1(091)"17/19":94(438).06/.081::008A/Z
920 ## - Międzynarodowy znormalizowany numer książki – ISBN
ISBN 83-88731-43-2
920 ## - Międzynarodowy znormalizowany numer książki – ISBN
ISBN 83-89079-19-4 (IK)
008 - POLE O STAŁEJ DŁUGOŚCI - DANE KONTROLNE
podpole kontrolne o stałej długości s pl f |000 0 pol
100 1# - NAZWA OSOBOWA
Nazwa osobowa KĘCIŃSKA, Jowita
245 10 - TYTUŁ/ODPOWIEDZIALNOŚĆ
Tytuł Geografia życia literackiego na Pomorzu Nadwiślańskim 1772-1920 :
Ciąg dalszy tytułu polski i kaszubski krąg kulturowy /
Pozostałe elementy strefy tytułu i oznaczenia odpowiedzialności Jowita Kęcińska.
260 ## - STREFA ADRESU WYDAWNICZEGO
Miejsce wydania Gdańsk :
Nazwa wydawcy/dystrybutora Instytut Kaszubski ;
Miejsce wydania Słupsk :
Nazwa wydawcy/dystrybutora Pomorska Akademia Pedagogiczna,
Data publikacji, dystrybucji/powstania dokumentu 2003.
300 ## - STREFA OPISU FIZYCZNEGO
Objętość 624 s., [2] s. tabl. kolor. luz. złoż. :
Inne cechy fizyczne mapy (w tym kolor.) ;
Rozmiary 25 cm.
504 ## - UWAGA DOTYCZĄCA BIBLIOGRAFII
Informacje o bibliografii Bbibliogr. s. 598-623.
650 #9 - HASŁO PRZEDMIOTOWE W FORMIE NAZWY OGÓLNEJ LUB JEDNOSTKOWEJ
Nazwa ogólna lub geograficzna Literatura polska
Określnik ogólny historia
Określnik chronologiczny 18-20 w.
650 #9 - HASŁO PRZEDMIOTOWE W FORMIE NAZWY OGÓLNEJ LUB JEDNOSTKOWEJ
Nazwa ogólna lub geograficzna Literatura kaszubska
Określnik ogólny historia
Określnik chronologiczny 18-20 w.
651 #9 - HASŁO PRZEDMIOTOWE W FORMIE NAZWY GEOGRAFICZNEJ
Nazwa geograficzna Pomorze
Określnik ogólny kultura
Określnik chronologiczny 18-20 w.
856 ## - LOKALIZACJA I DOSTĘP DO ELEKTRONICZNYCH DOKUMENTÓW ZDALNYCH
Link (URL) http://koha.tu.koszalin.pl/cgi-bin/koha/opac-detail.pl?biblionumber=44382
Tekst linku Katalog online BPK
942 ## - DODATKOWE ELEMENTY (KOHA)
Typ dokumentu Książka
Egzemplarze
Wycofany Status egzemplarza Uszkodzony Dostępność Lokalizacja stała Lokalizacja bieżąca Miejsce przechowywania Sygnatura Kod kreskowy Typ dokumentu
      Dostępny Biblioteka Politechniki Koszalińskiej Biblioteka Politechniki Koszalińskiej Wypożyczalnia BG 71505 02161372 Książka
© 2023 Biblioteka Politechniki Koszalińskiej :: KOHA